[Event "16th South Wales Int 2019"]
[Site "Bridgend"]
[Date "2019.07.12"]
[Round "9.27"]
[White "Williams, David J"]
[Black "Emblem, Mark"]
[Result "1-0"]
[WhiteElo "1519"]
[BlackElo "1513"]
[PlyCount "95"]
[EventDate "2019.07.07"]
[EventType "swiss"]
[EventRounds "9"]
[EventCountry "WLS"]

1. e4 e6 2. d4 d5 3. exd5 exd5 4. Nc3 Bd6 5. Bd3 Nc6 6. Nge2 Qf6 7. Be3 Nb4 8.
a3 Nxd3+ 9. Qxd3 Bf5 10. Qd2 h6 11. Nxd5 Qe6 12. Ndc3 Ne7 13. Ng3 c6 14. O-O
O-O-O 15. b4 Kb8 16. Rfe1 Qg6 17. Rac1 h5 18. Bf4 Nc8 19. Nxf5 Qxf5 20. Bxd6+
Rxd6 21. Re3 Rhd8 22. Ne2 Qd7 23. c4 Ne7 24. Rd3 Nf5 25. Rd1 g6 26. a4 Qc7 27.
Qb2 R8d7 28. c5 Rd5 29. b5 Ka8 30. bxc6 Qxc6 31. Nf4 Qxa4 32. Nxd5 Rxd5 33. Ra1
Qd7 34. Qa3 a6 35. Qa4 Qc7 36. Qe8+ Ka7 37. Re1 Rd8 38. Qe4 Ng7 39. Qf3 Ne6 40.
Red1 Nf4 41. Re3 Nd5 42. Re5 Qc6 43. Qxf7 Qa4 44. Rb1 Rd7 45. Qxg6 Qxd4 46. Qe6
Nf4 47. Qb6+ Kb8 48. Re8+ 1-0